Chansons de moins de 3 min - Mort subite - Statistiques

Statistiques générales
  • Ce quiz a été pris 22 fois
  • Le résultat moyen est 3 sur 10
Answers on the Grid
Answers color-coded by a green-red scale on the quiz's grid according to % correct below.
Freestyle 8 - SDM
Cotton Club Freestyle - Josman
Jefe - Ninho
Il pleut à Paris - PLK
Bolide allemand - SDM
Meuda - Tiakola
Solitaire - Werenoi
Papers - Zola/Ninho
LOVE YOU - Nono la Grinta
PARISIENNE - Gims/La Mano 1.9
Deux frères - PNL
Au DD - PNL
Nos souvenirs - Jok'air
J'oublie tout - Jul
Champs-Elysées - SCH
Life - Hamza
Monde - Luidji
Helsinki - Dinos
Dans le vide - Josman
Bonbon à la menthe - Jok'air
 
Statistiques - réponses
Réponse % Correct
PARISIENNE - Gims/La Mano 1.9
59%
Meuda - Tiakola
47%
Il pleut à Paris - PLK
41%
LOVE YOU - Nono la Grinta
35%
Cotton Club Freestyle - Josman
24%
Freestyle 8 - SDM
24%
Jefe - Ninho
24%
Papers - Zola/Ninho
24%
Solitaire - Werenoi
24%
Bolide allemand - SDM
6%
Aucun quiz correspondant
Distribution des résultats
% des personnes avec chaque résultat
Percentile par nombre de réponses
Votre historique - résultats
Vous n’avez pas pris ce quiz